Instrumenty zarządzania we współczesnym przedsiębiorstwie - nowe kierunki

Gespeichert in:
Bibliographische Detailangaben
Weitere Verfasser: Zimniewicz, Kazimierz
Format: Buch
Sprache:Polnisch
Veröffentlicht: Poznań Wydawnictwo Uniwersytetu Ekonomicznego w Poznaniu 2009
Schriftenreihe:Zeszyty naukowe 129
Schlagworte:
Tags: Tag hinzufügen
Keine Tags, Fügen Sie das erste Tag hinzu!

MARC

LEADER 00000nam$a2200000$$$4500
001 0114368
005 20230120111813.9
020 |a 978-83-7417-445-9 
022 |a 1689-7374 
041 0 |a pol 
044 |a PL 
245 1 0 |a Instrumenty zarządzania we współczesnym przedsiębiorstwie - nowe kierunki  |c redaktor naukowy Kazimierz Zimniewicz 
264 1 |a Poznań  |b Wydawnictwo Uniwersytetu Ekonomicznego w Poznaniu  |c 2009 
300 |a 650 s. 
490 1 |a Zeszyty naukowe  |v 129 
830 0 |a Zeszyty naukowe  |v 129 
610 2 0 |a riadenie 
610 2 0 |a metódy riadenia 
610 2 0 |a Poľsko 
700 1 |a Zimniewicz, Kazimierz